<?xml version="1.0" encoding="UTF-8"?>
<collection xmlns="http://www.loc.gov/MARC21/slim">
 <record>
  <leader>01626nam a22002177a 4500</leader>
  <controlfield tag="001">NCT_4_025461</controlfield>
  <controlfield tag="008">250723b        xxu||||| |||| 00| 0 vie d</controlfield>
  <datafield tag="999" ind1=" " ind2=" ">
   <subfield code="c">9257</subfield>
   <subfield code="d">9257</subfield>
  </datafield>
  <datafield tag="022" ind1=" " ind2=" ">
   <subfield code="a">08667675</subfield>
  </datafield>
  <datafield tag="041" ind1="0" ind2=" ">
   <subfield code="a">vie</subfield>
  </datafield>
  <datafield tag="082" ind1="0" ind2="4">
   <subfield code="2">23rd ed.</subfield>
   <subfield code="a">378</subfield>
   <subfield code="b">T109C</subfield>
  </datafield>
  <datafield tag="245" ind1="0" ind2="0">
   <subfield code="a">Tạp chí Khoa học Đồng Tháp : Chuyên san Khoa học Xã hội và Nhân văn</subfield>
   <subfield code="b">Dong Thap university journal of science : Dong Thap university journal of science : Social sciences and humanities issue</subfield>
   <subfield code="n">Tập 14 - Số 4 </subfield>
   <subfield code="c">Trường Đại học Đồng Tháp</subfield>
  </datafield>
  <datafield tag="260" ind1=" " ind2=" ">
   <subfield code="a">Đồng Tháp</subfield>
   <subfield code="b">Trường Đại học Đồng Tháp</subfield>
   <subfield code="c">2025</subfield>
  </datafield>
  <datafield tag="300" ind1=" " ind2=" ">
   <subfield code="a">120 tr.</subfield>
   <subfield code="c">27 cm</subfield>
  </datafield>
  <datafield tag="310" ind1=" " ind2=" ">
   <subfield code="a">4 số/năm</subfield>
  </datafield>
  <datafield tag="362" ind1=" " ind2=" ">
   <subfield code="a">6/2025</subfield>
  </datafield>
  <datafield tag="520" ind1="3" ind2=" ">
   <subfield code="a">Chuyên san gồm các nghiên cứu xã hội-nhân văn đa ngành: Thực trạng sử dụng công cụ và phương pháp thực hiện chuyển đổi số của giáo viên ở một số trường trung học phổ thông vùng Đồng bằng sông Cửu Long; Xây dựng kế hoạch bài dạy chủ đề trải nghiệm cùng một phần mấy trong môn Toán lớp 3 theo giáo dục STEM; Khung truyền thông về Chương trình Mỗi xã một sản phẩm (OCOP) trên báo Nông thôn Ngày nay từ góc nhìn báo chí phát triển...</subfield>
  </datafield>
  <datafield tag="655" ind1=" " ind2=" ">
   <subfield code="a">Tạp chí</subfield>
  </datafield>
  <datafield tag="942" ind1=" " ind2=" ">
   <subfield code="2">ddc</subfield>
   <subfield code="c">CR</subfield>
  </datafield>
  <datafield tag="952" ind1=" " ind2=" ">
   <subfield code="0">0</subfield>
   <subfield code="1">0</subfield>
   <subfield code="2">ddc</subfield>
   <subfield code="4">0</subfield>
   <subfield code="6">378_000000000000000_T109C</subfield>
   <subfield code="7">0</subfield>
   <subfield code="9">31294</subfield>
   <subfield code="a">000001</subfield>
   <subfield code="b">000001</subfield>
   <subfield code="d">2025-07-23</subfield>
   <subfield code="o">378 T109C</subfield>
   <subfield code="r">2025-07-23</subfield>
   <subfield code="w">2025-07-23</subfield>
   <subfield code="y">CR</subfield>
  </datafield>
  <datafield tag="980" ind1=" " ind2=" ">
   <subfield code="a">Thư viện Trường Đại học Nam Cần Thơ</subfield>
  </datafield>
 </record>
</collection>
